[Event "Bled/Portoroz"]
[Site "Bled"]
[Date "1979.??.??"]
[Round "?"]
[White "Ivkov, Borislav"]
[Black "Gligoric, Svetozar"]
[Result "1/2-1/2"]
[WhiteElo "2525"]
[BlackElo "2560"]

1.d4 Nf6 2.c4 e6 3.Nf3 d5 4.Nc3 Be7 5.Bg5 h6 6.Bh4 O-O 7.e3 b6 8.Rc1 Bb7
9.Bxf6 Bxf6 10.cxd5 exd5 11.b4 c6 12.Bd3 Qd6 13.Qb3 Nd7 14.O-O Be7 15.Rb1 a5
16.bxa5 Rxa5 17.a4 Bd8 18.Rfd1 Ra8 19.Rbc1 Re8 20.Bb1 Nf6 21.Re1 Bc7  1/2-1/2

[Event "Bled/Portoroz"]
[Site "Bled"]
[Date "1979.??.??"]
[Round "?"]
[White "Tseshkovsky, Vitaly"]
[Black "Barle, Janez"]
[Result "1-0"]
[WhiteElo "2560"]
[BlackElo "2420"]

1.e4 c6 2.Nc3 d5 3.Nf3 dxe4 4.Nxe4 Nf6 5.Nxf6+ exf6 6.d4 Bd6 7.Bc4 O-O 8.O-O Re8
9.Nh4 Be6 10.Bxe6 fxe6 11.Be3 Na6 12.c4 Nc7 13.a4 Qd7 14.Nf3 b5 15.axb5 cxb5
16.c5 Be7 17.Bf4 Nd5 18.Bd2 e5 19.Re1 exd4 20.b4 d3 21.Qb3 Bf8 22.Rxe8 Rxe8
23.Qxd3 Qb7 24.Qa3 Re4 25.Kf1 Qc6 26.h3 a6 27.Rd1 Qe6 28.Kg1 Qf5 29.Qxa6 Nxb4
30.Bxb4 Rxb4 31.Rd8 h6 32.Qd6 Kh7 33.Rxf8  1-0

[Event "Bled/Portoroz"]
[Site "Bled"]
[Date "1979.??.??"]
[Round "?"]
[White "Timman, Jan H"]
[Black "Tseshkovsky, Vitaly"]
[Result "1-0"]
[WhiteElo "2625"]
[BlackElo "2560"]

1.Nf3 Nf6 2.c4 g6 3.Nc3 d5 4.cxd5 Nxd5 5.Qa4+ Nc6 6.Ne5 Nb4 7.a3 Bg7 8.axb4 Bxe5
9.b5 Nb8 10.g3 O-O 11.Bg2 Bg7 12.O-O c6 13.d3 a6 14.bxc6 Nxc6 15.Bxc6 bxc6
16.Qh4 Rb8 17.Na4 h5 18.Bd2 Bg4 19.f3 Bxb2 20.Nxb2 Qd4+ 21.Kh1 Rxb2 22.Rad1 Rxd2
23.Rxd2 Qe3 24.fxg4 Qxd2 25.Qxe7 hxg4 26.Rf4 Qa2 27.Rxg4 Qd5+ 28.Kg1 Qd8
29.Qxd8 Rxd8 30.Kf2 Kf8 31.Ke3 Ke7 32.Re4+ Kf6 33.Kd2 Rb8 34.Kc3 Rb5 35.Rc4 c5
36.Ra4 Rb6 37.Ra5 Rc6 38.Kc4 Rb6 39.Ra2 Rc6 40.Kd5 Rc8 41.Rxa6+ Kg5 42.Ra4 f5
43.Rf4 Kf6 44.h4 Re8 45.Rf2 Rc8 46.g4 Rd8+ 47.Kxc5 Ke5 48.gxf5 gxf5 49.h5 Rc8+
50.Kb4 Rh8 51.Rh2 Rh6 52.e3 f4 53.exf4+ Kxf4 54.d4 Kg3 55.Re2 Rxh5 56.Re8 Kf4
57.Kc4 Rh1 58.d5 Kf5 59.d6 Rd1 60.Kc5 Kf6 61.Kc6 Rc1+ 62.Kd7 Ra1 63.Rf8+ Kg7
64.Rf2  1-0

[Event "Bled/Portoroz"]
[Site "Bled"]
[Date "1979.??.??"]
[Round "?"]
[White "Marjanovic, Slavoljub"]
[Black "Jelen, Iztok"]
[Result "1-0"]
[WhiteElo "2505"]
[BlackElo "2420"]

1.e4 e6 2.d4 d5 3.Nd2 c5 4.exd5 exd5 5.Ngf3 Nc6 6.Bb5 Bd6 7.dxc5 Bxc5 8.O-O Ne7
9.Nb3 Bd6 10.Nbd4 O-O 11.Be3 Bg4 12.Qd2 Rc8 13.Rfe1 Bb8 14.Bf1 Qd6 15.g3 h6
16.c3 Qf6 17.Bg2 Rfe8 18.h3 Bh5 19.Nxc6 bxc6 20.Bd4 Qd6 21.b4 Bxf3 22.Bxf3 Nf5
23.Bc5 Qg6 24.Rxe8+ Rxe8 25.Re1 Re6 26.Rxe6 fxe6 27.Qe2 Kh7 28.Bg4 Qf6 29.c4 g6
30.cxd5 cxd5 31.Qb5 Be5 32.Qd7+ Ng7 33.Qxa7 h5 34.Be2 h4 35.Qe7 Qxe7 36.Bxe7 hxg3
37.Bc5 Nf5 38.fxg3 Nxg3 39.Bf3 Nf5 40.a4 Bd4+ 41.Bxd4 Nxd4 42.Bd1 Nc6 43.b5 Na5
44.Bg4 e5 45.Be6  1-0

[Event "Bled/Portoroz"]
[Site "Bled"]
[Date "1979.??.??"]
[Round "?"]
[White "Timman, Jan H"]
[Black "Qi Jingxuan"]
[Result "1-0"]
[WhiteElo "2625"]
[BlackElo "2415"]

1.d4 e6 2.c4 f5 3.Nf3 Nf6 4.g3 d5 5.Bg2 c6 6.O-O Bd6 7.b3 O-O 8.Ba3 Bxa3
9.Nxa3 Bd7 10.Ne5 Be8 11.Qc2 Qe7 12.Qb2 Nbd7 13.Nd3 g5 14.b4 h5 15.b5 h4
16.gxh4 g4 17.Qb4 Qh7 18.bxc6 bxc6 19.Qd6 Ne4 20.Qxe6+ Kh8 21.Qxc6 Rb8 22.Qc7 Qxh4
23.Ne5 Rb6 24.Nxd7 Bxd7 25.Rab1 Rh6 26.Rb8 Rxb8 27.Qxb8+ Kh7 28.Qf4 Qh5 29.Qc7 Kg6
30.Bxe4 dxe4 31.Rb1 Rh7 32.Qd6+ Kg5 33.Rb8 Be8 34.Nc2 Rd7 35.Qe5 g3 36.h4+ Kh6
37.Rxe8  1-0

[Event "Bled/Portoroz"]
[Site "Bled"]
[Date "1979.??.??"]
[Round "?"]
[White "Ivkov, Borislav"]
[Black "Timman, Jan H"]
[Result "0-1"]
[WhiteElo "2525"]
[BlackElo "2625"]

1.Nf3 Nf6 2.c4 b6 3.g3 Bb7 4.Bg2 g6 5.b3 Bg7 6.Bb2 O-O 7.O-O c5 8.Nc3 Na6
9.d4 d5 10.dxc5 Nxc5 11.Nxd5 Nxd5 12.Bxg7 Kxg7 13.cxd5 Qxd5 14.Qxd5 Bxd5
15.Rfd1 Rfd8 16.Rac1 Kf6 17.b4 Ne6 18.a3 Bxf3 19.Rxd8 Bxg2 20.Rd7 Bh3 21.Rc6 Kg7
22.Rc4 a5 23.f3 b5 24.Rh4 Nf4 25.Rxe7 g5 26.Rxh3 axb4 27.Rxh7+ Kxh7 28.axb4 Ne6
29.Rxf7+ Kg6 30.Rb7 Nd4 31.Rb6+ Kf5 32.Kf2 Ke5 33.h4 gxh4 34.gxh4 Ra2 35.h5 Rxe2+
36.Kg3 Re1 37.h6 Rh1 38.Kg2 Rh5 39.Kg3 Rxh6  0-1

[Event "Bled/Portoroz"]
[Site "Bled"]
[Date "1979.??.??"]
[Round "?"]
[White "Jelen, Iztok"]
[Black "Qi Jingxuan"]
[Result "1-0"]
[WhiteElo "2420"]
[BlackElo "2415"]

1.Nf3 d5 2.d4 c6 3.c4 e6 4.e3 Nf6 5.Bd3 dxc4 6.Bxc4 c5 7.O-O a6 8.a4 Nc6
9.Qe2 cxd4 10.Rd1 Be7 11.exd4 O-O 12.Nc3 Nb4 13.Ne5 b6 14.Qf3 Nfd5 15.Nxd5 exd5
16.Bb3 Be6 17.Bd2 f6 18.Ng4 Qd7 19.Ne3 Rfd8 20.Bxb4 Bxb4 21.Rac1 Qb7 22.h4 Rd7
23.h5 Rf8 24.Bc2 Kh8 25.Nf5 Rc7 26.Qd3 Bg8 27.Bb3 a5 28.Qf3 Rxc1 29.Rxc1 Qd7
30.Rc2 Rd8 31.Ne3 h6 32.Re2 Be6 33.Bc2 Bd6 34.g3 Bb8 35.Bf5 Bxf5 36.Nxf5  1-0

[Event "Bled/Portoroz"]
[Site "Bled"]
[Date "1979.??.??"]
[Round "?"]
[White "Jelen, Iztok"]
[Black "Sahovic, Dragutin"]
[Result "1/2-1/2"]
[WhiteElo "2420"]
[BlackElo "2520"]

1.Nf3 d5 2.d4 Bf5 3.c4 e6 4.Qb3 Nc6 5.c5 Rb8 6.Nc3 Nf6 7.e3 a6 8.Qa4 Nd7
9.b4 Ra8 10.a3 Be7 11.Be2 O-O 12.Bb2 h6 13.O-O Bf6 14.Rac1 g5 15.Qb3 Bg7
16.a4 g4 17.Nd2 Qg5 18.Rfd1 h5 19.b5 axb5 20.axb5 Na5 21.Qb4 h4 22.Nf1 Rfb8
23.b6 cxb6 24.cxb6 Bf8 25.Qb5 Nc6 26.Na4 Bd6 27.Rxc6 bxc6 28.Qxc6 Qe7 29.Bb5 Nf6
30.Nc5 Ra2 31.Bc3 Ne4 32.Nxe4 Bxe4 33.Nd2 g3 34.Nxe4 dxe4 35.fxg3 hxg3 36.h3 Qf6
37.Rf1 Rf2 38.Be1 Rxf1+ 39.Bxf1 Qg5 40.Qxd6 Qxe3+ 41.Kh1 Rxb6 42.Qxb6 Qxe1
43.Qa6 e3 44.Qe2 Qf2  1/2-1/2

[Event "Bled/Portoroz"]
[Site "Bled"]
[Date "1979.??.??"]
[Round "?"]
[White "Jelen, Iztok"]
[Black "Timman, Jan H"]
[Result "1/2-1/2"]
[WhiteElo "2420"]
[BlackElo "2625"]

1.Nf3 Nf6 2.c4 b6 3.g3 Bb7 4.Bg2 e6 5.O-O Be7 6.d4 O-O 7.Nc3 Ne4 8.Qc2 Nxc3
9.Qxc3 c5 10.Rd1 d6 11.b3 Bf6 12.Bb2 Qe7 13.Qc2 Nc6 14.e4 e5 15.d5 Nd4 16.Bxd4 exd4
17.Rab1 Rae8 18.Ne1 g6 19.Nd3 Bc8 20.Re1 Bg7 21.f4 Qc7 22.Nf2 f5 23.Re2 Re7
24.Rbe1 Rfe8 25.Bh3 Qd8 26.exf5 Rxe2 27.Rxe2 Re3 28.f6 Bxh3 29.Rxe3 dxe3
30.f7+ Kxf7 31.Nxh3 h6 32.Qe4 Qf6 33.Qxe3 Qa1+ 34.Kg2 Qxa2+ 35.Nf2 Bd4 36.Qe6+ Kg7
37.Qe7+ Kg8 38.Qe8+ Kh7 39.Qf7+ Kh8 40.Qf8+ Kh7 41.Qf7+ Kh8  1/2-1/2

[Event "Bled/Portoroz"]
[Site "Bled"]
[Date "1979.??.??"]
[Round "?"]
[White "Timman, Jan H"]
[Black "Barle, Janez"]
[Result "1-0"]
[WhiteElo "2625"]
[BlackElo "2420"]

1.e4 e5 2.Nf3 Nc6 3.Bb5 a6 4.Ba4 Nf6 5.O-O Be7 6.d4 exd4 7.Re1 O-O 8.e5 Ne8
9.Bf4 b5 10.Bb3 d5 11.c3 Bg4 12.h3 Bh5 13.g4 Bg6 14.cxd4 Na5 15.Bc2 Bxc2
16.Qxc2 c6 17.Nc3 Nc7 18.Rad1 Ne6 19.Bg3 Nc4 20.b3 Nb6 21.Ne2 Rc8 22.Nf4 Qd7
23.Nd3 Qa7 24.Kg2 Na8 25.Qb2 b4 26.Rc1 Qb6 27.Bh4 Bxh4 28.Nxh4 g6 29.Nc5 Nxc5
30.dxc5 Qd8 31.Kg3 Nc7 32.Qd2 f5 33.gxf5 gxf5 34.Qh6 Qe7 35.Kh2 Qe6 36.Rg1+ Kf7
37.Rg7+ Ke8 38.Qh5+ Kd8 39.Qg5+ Ke8 40.f4 Nb5 41.Rxh7 Rc7 42.Rh6 Qe7 43.Qxe7+ Rxe7
44.Rxc6  1-0

[Event "Bled/Portoroz"]
[Site "Bled"]
[Date "1979.??.??"]
[Round "?"]
[White "Sahovic, Dragutin"]
[Black "Qi Jingxuan"]
[Result "0-1"]
[WhiteElo "2520"]
[BlackElo "2415"]

1.e4 e6 2.d4 c5 3.Nf3 cxd4 4.Nxd4 a6 5.Bd3 Nf6 6.O-O d6 7.Nc3 Be7 8.Be3 O-O
9.f4 Nc6 10.Nb3 b5 11.a3 Bb7 12.Qf3 Rc8 13.Qh3 Re8 14.g4 Nd7 15.Rad1 b4 16.e5 g6
17.exd6 bxc3 18.dxe7 Qxe7 19.bxc3 e5 20.f5 e4 21.f6 Nxf6 22.Bg5 exd3 23.Bxf6 Qf8
24.cxd3 Ne5 25.c4 Nd7 26.Bd4 Re2 27.Rf2 Rce8 28.Rdf1 Rxf2 29.Kxf2 Qxa3 30.Nc1 Qd6
31.Be3 Ne5 32.Qg3 Nxg4+ 33.Qxg4 Qxh2+ 34.Ke1 Rxe3+ 35.Kd1 Bf3+ 36.Rxf3 Qh1+
37.Kd2 Qxf3 38.Qc8+ Kg7 39.Qxa6 Qf2+ 40.Kc3 Qe1+ 41.Kc2 h5 42.c5 Rf3 43.Qc4 Rf1
44.Na2 Rf2+ 45.Kb3 Qb1+ 46.Ka3 Qb2+  0-1

[Event "Bled/Portoroz"]
[Site "Bled"]
[Date "1979.??.??"]
[Round "?"]
[White "Sahovic, Dragutin"]
[Black "Parma, Bruno"]
[Result "1/2-1/2"]
[WhiteElo "2520"]
[BlackElo "2530"]

1.d4 Nf6 2.Nf3 e6 3.c4 b6 4.g3 Ba6 5.b3 Bb4+ 6.Bd2 Be7 7.Bg2 c6 8.O-O O-O
9.Bc3 d5 10.Nbd2 Nbd7 11.Re1 c5 12.Bb2 Rc8 13.Rc1 dxc4 14.Nxc4 Bb7 15.dxc5 Nxc5
16.Bxf6 gxf6 17.Nfd2 Bxg2 18.Kxg2 b5 19.Ne3 f5 20.Nb1 Bg5 21.Qxd8 Rfxd8 22.f4 Be7
23.Red1 Ne4 24.Rxd8+ Rxd8 25.Rc2  1/2-1/2

[Event "Bled/Portoroz"]
[Site "Bled"]
[Date "1979.??.??"]
[Round "?"]
[White "Quinteros, Miguel A"]
[Black "Larsen, Bent"]
[Result "0-1"]
[WhiteElo "2545"]
[BlackElo "2620"]

1.d4 Nf6 2.c4 e6 3.g3 Bb4+ 4.Bd2 Be7 5.Bg2 d5 6.Nf3 O-O 7.Qc2 b6 8.O-O Bb7
9.cxd5 exd5 10.Bg5 Nbd7 11.Nc3 Re8 12.Bxf6 Nxf6 13.Ne5 Bd6 14.f4 c5 15.e3 a6
16.Rad1 Qc8 17.Bf3 b5 18.Qg2 Qe6 19.g4 Ne4 20.g5 b4 21.f5 Qe7 22.f6 Qc7 23.Nxe4 dxe4
24.Bxe4 Bxe4 25.Qxe4 Bxe5 26.dxe5 Qxe5 27.Qxe5 Rxe5 28.h4 Rxe3 29.Rd7 Rae8
30.fxg7 R8e7 31.Rxe7 Rxe7 32.Rc1 Re5 33.Kf2 Kxg7 34.Kf3 h5 35.Rc4 f6 36.gxf6+ Kxf6
37.Kf4 Ke6 38.a3 a5 39.axb4 axb4 40.Rc2 Rf5+ 41.Ke4 Rd5 42.Kf4 Kd6 43.b3 Kc6
44.Re2 Kb5 45.Re8 Rd3 46.Rb8+ Kc6 47.Rc8+ Kb6 48.Rb8+ Kc7 49.Rh8 Rxb3 50.Rxh5 Kc6
51.Rh8 Rh3 52.Ke4 Kb5 53.h5 Kc4 54.h6 b3 55.h7 b2 56.Rb8 Kc3  0-1

[Event "Bled/Portoroz"]
[Site "Bled"]
[Date "1979.??.??"]
[Round "?"]
[White "Qi Jingxuan"]
[Black "Quinteros, Miguel A"]
[Result "0-1"]
[WhiteElo "2415"]
[BlackElo "2545"]

1.d4 Nf6 2.c4 c5 3.d5 g6 4.Nc3 Bg7 5.e4 d6 6.Bg5 h6 7.Bf4 O-O 8.f3 Nbd7 9.Nh3 Ne5
10.Nf2 e6 11.Be2 exd5 12.cxd5 a6 13.Qd2 Kh7 14.O-O Ne8 15.a4 f5 16.Be3 g5
17.exf5 Bxf5 18.f4 gxf4 19.Bxf4 Ng6 20.Bg3 Nf6 21.Kh1 Qd7 22.a5 Rae8 23.Rae1 Ne5
24.Nfd1 Bg6 25.Ne3 Nh5 26.Bxe5 Bxe5 27.Bg4 Qd8 28.Bxh5 Bxh5 29.Nf5 Qf6 30.h3 Bf7
31.Ne4 Qg6 32.g4 Bg8 33.h4 Kh8 34.h5 Qxg4 35.Qxh6+ Bh7 36.Nfg3  0-1

[Event "Bled/Portoroz"]
[Site "Bled"]
[Date "1979.??.??"]
[Round "?"]
[White "Qi Jingxuan"]
[Black "Larsen, Bent"]
[Result "1-0"]
[WhiteElo "2415"]
[BlackElo "2620"]

1.e4 c5 2.Nf3 Nc6 3.d4 cxd4 4.Nxd4 d6 5.c4 g6 6.Nc3 Bg7 7.Be3 Nh6 8.h3 f5
9.exf5 Nxf5 10.Nxf5 Bxf5 11.Qd2 Qa5 12.Rc1 O-O 13.Be2 Rac8 14.O-O a6 15.Rfd1 Kh8
16.b3 Qa3 17.Bb6 Qb4 18.Be3 Rf7 19.Qb2 Be6 20.a3 Qa5 21.b4 Qf5 22.Qd2 Ne5
23.Nd5 b5 24.cxb5 Rxc1 25.Qxc1 axb5 26.Bxb5 Rf8 27.Qd2 Ra8 28.a4 Qe4 29.Nc7 Bxh3
30.Qd5 Qxd5 31.Nxd5 Bg4 32.f3 Bd7 33.Nb6 Bxb5 34.Nxa8 Bxa4 35.Rc1 Kg8 36.Nc7 Nd3
37.Rc4 Bb3 38.Re4 d5 39.Rxe7 Nxb4 40.Ne6 Bc3 41.Bd4 Bxd4+ 42.Nxd4 Bc4 43.g4 h6
44.Kf2 Bd3 45.Ke3 Bc4 46.f4 h5 47.f5 gxf5 48.gxf5 h4 49.f6 h3 50.Rg7+ Kh8
51.Rg5 h2 52.f7 Nc2+ 53.Kd2  1-0

[Event "Bled/Portoroz"]
[Site "Bled"]
[Date "1979.??.??"]
[Round "?"]
[White "Barle, Janez"]
[Black "Jelen, Iztok"]
[Result "0-1"]
[WhiteElo "2420"]
[BlackElo "2420"]

1.e4 e6 2.d4 d5 3.Nc3 Bb4 4.Ne2 dxe4 5.a3 Be7 6.Nxe4 Nc6 7.c3 Nf6 8.Nxf6+ Bxf6
9.Ng3 e5 10.d5 Ne7 11.Bc4 O-O 12.Qf3 Ng6 13.Ne4 Be7 14.O-O Kh8 15.Ba2 f5
16.Nd2 Bd6 17.Nc4 e4 18.Qe2 Bf4 19.g3 Bxc1 20.Rfxc1 Bd7 21.f4 exf3 22.Qxf3 f4
23.Re1 Qg5 24.Re4 Nh4 25.Qf2 fxg3 26.Qxg3 Nf3+ 27.Kh1 Qxd5 28.Re2 Ne1+ 29.Kg1 Qh1+
30.Kxh1 Rf1+  0-1

[Event "Bled/Portoroz"]
[Site "Bled"]
[Date "1979.??.??"]
[Round "?"]
[White "Gligoric, Svetozar"]
[Black "Timman, Jan H"]
[Result "0-1"]
[WhiteElo "2560"]
[BlackElo "2625"]

1.d4 Nf6 2.c4 e6 3.Nc3 Bb4 4.e3 c5 5.Bd3 Nc6 6.Nf3 Bxc3+ 7.bxc3 d6 8.e4 e5
9.d5 Ne7 10.O-O Ng6 11.Ne1 O-O 12.g3 Bh3 13.Ng2 Ne8 14.Re1 f5 15.exf5 Bxf5
16.f4 Bxd3 17.Qxd3 Qd7 18.Rb1 Nf6 19.Rb2 Rae8 20.Rf1 Qh3 21.f5 Ng4 22.Ne1 e4
23.Qe2 N6e5 24.Qxe4 Rf7 25.Qg2 Qxg2+ 26.Kxg2 Nxc4 27.Rc2 Re5 28.h3 Nf6 29.g4 Nxd5
30.Rf3 b5 31.Rcf2 a5 32.g5 b4 33.cxb4 axb4 34.Kh2 Nc3 35.a3 Ne4 36.Re2 Nxg5  0-1

[Event "Bled/Portoroz"]
[Site "Bled"]
[Date "1979.??.??"]
[Round "?"]
[White "Larsen, Bent"]
[Black "Sahovic, Dragutin"]
[Result "1-0"]
[WhiteElo "2620"]
[BlackElo "2520"]

1.g3 c5 2.Bg2 Nc6 3.c4 g6 4.Nc3 Bg7 5.e3 e5 6.Nge2 Nge7 7.a3 O-O 8.O-O a5
9.b3 d6 10.Bb2 Be6 11.Qc2 Qd7 12.Nd5 Rab8 13.f4 f5 14.Nec3 Bf7 15.d3 h6 16.Rae1 Rbe8
17.Bf3 g5 18.Kh1 g4 19.Bg2 h5 20.Nxe7+ Nxe7 21.fxe5 dxe5 22.e4 Bg6 23.exf5 Nxf5
24.Nd5 Nd4 25.Bxd4 exd4 26.Rxf8+ Kxf8 27.Rf1+ Kg8 28.Nf4 Bf7 29.Bd5 Bxd5+
30.cxd5 b6 31.Qc4 Re5 32.Qa6 Qe8 33.Qxb6 Re1 34.Kg2 h4 35.Rxe1 Qxe1 36.Qd8+ Kf7
37.Qd7+ Kg8 38.Qxg4  1-0

[Event "Bled/Portoroz"]
[Site "Bled"]
[Date "1979.??.??"]
[Round "?"]
[White "Marangunic, Srdjan"]
[Black "Ivkov, Borislav"]
[Result "1/2-1/2"]
[WhiteElo "2495"]
[BlackElo "2525"]

1.g3 g6 2.Bg2 Bg7 3.c4 c5 4.Nc3 Nc6 5.e3 e5 6.Nge2 Nge7 7.O-O O-O 8.d3 d6
9.a3 Be6 10.Nd5 Qd7 11.Rb1 Rab8 12.Nec3 a6 13.b4 cxb4 14.axb4 b5 15.Bd2 Rfc8
16.Qe2 Bg4 17.Bf3 Bxf3 18.Qxf3  1/2-1/2